| 000 | 00642nam a2200205 a 4500 | ||
|---|---|---|---|
| 005 | 20140311163021.0 | ||
| 008 | 121029s19uu xx 00 eng d | ||
| 020 | _a9780073049557 | ||
| 050 |
_aQC 21.3 _b.G53 2007 vol.2 |
||
| 100 | _aGiambattista, Alan | ||
| 245 |
_aCollege physics : _bvolume 2 / _cAlan Giambattista, Betty McCarthy-Richardson, Robert C. Richardson. |
||
| 250 | _a2nd ed. | ||
| 260 |
_aBoston, Ma : _bMcGraw-Hill, _c2007. |
||
| 300 |
_axxxii, 543 p. : _bcol. ill. ; _c27 cm. |
||
| 650 | _aPhysics | ||
| 700 | _aRichardson, Betty McCarthy | ||
| 700 | _aRichardson, Robert C. | ||
| 942 |
_cBK _2lcc _kFOR |
||
| 999 |
_c39477 _d39477 |
||